Communauté de communes Sud Artois - Statistiques

Statistiques générales
  • Ce quiz a été pris 9 fois
  • Le résultat moyen est 39 sur 64
Réponses sur la Carte
Les réponses sont colorées sur une échelle allant du rouge au vert en fonction du pourcentage des utilisateurs qui les ont devinées à leur premier essai. Vous pouvez retrouver ces pourcentages ci-dessous.
 
Statistiques - réponses
Communes % Correct
Achiet le Grand
100%
Achiet le Petit
100%
Avesnes lès Bapaume
100%
Bapaume
100%
Le Sars
100%
Le Transloy
100%
Martinpuich
100%
Barastre
80%
Bertincourt
80%
Beugnâtre
80%
Favreuil
80%
Gomiécourt
80%
Mory
80%
Riencourt lès Bapaume
80%
Vaulx Vraucourt
80%
Ayette
60%
Bancourt
60%
Beaulencourt
60%
Béhagnies
60%
Beugny
60%
Bucquoy
60%
Bullecourt
60%
Bus
60%
Chérisy
60%
Croisilles
60%
Douchy lès Ayette
60%
Ecoust Saint Mein
60%
Gommecourt
60%
Haplincourt
60%
Havrincourt
60%
Léchelle
60%
Ligny Thilloy
60%
Metz en Couture
60%
Morchies
60%
Morval
60%
Puisieux
60%
Rocquigny
60%
Sapignies
60%
Souastre
60%
Vélu
60%
Villers au Flos
60%
Warlencourt Eaucourt
60%
Ytres
60%
Ablainzevelle
40%
Beaumetz lès Cambrai
40%
Biefvillers lès Bapaume
40%
Bihucourt
40%
Courcelles le Comte
40%
Ervillers
40%
Foncquevillers
40%
Fontaine lès Croisilles
40%
Frémicourt
40%
Grévillers
40%
Hamelincourt
40%
Hébuterne
40%
Hermies
40%
Lebucquière
40%
Moyenneville
40%
Neuville Bourjonval
40%
Noreuil
40%
Ruyaulcourt
40%
Sailly au Bois
40%
Saint Léger
40%
Trescault
40%
Aucun quiz correspondant
Distribution des résultats
% des personnes avec chaque résultat
Percentile par nombre de réponses
Votre historique - résultats
Vous n’avez pas pris ce quiz